000 01414nam0a2200325 4500
001 RU\NLR\BIBL_A\011796303
005 20181002132916.0
010 _a978-5-04-095920-4
_94000
021 _aRU
_bКН-П-18-061092
_9КН-П-18-4393
035 _a(NLR Aleph) 011796303
035 _a(RuMoRGB)009718441
090 _a11848692
_c11848692
100 _a20180920d2018 u y0rusy50 ca
101 1 _arus
_ceng
102 _aRU
105 _ay|||z|||000ay
200 1 _aАнгелы на земле
_eвдохновляющие истории о дружбе, предназначении и подарках судьбы
_fЛора Шрофф
_g[пер. с англ. Т. Прошиной]
210 _aМосква
_cБомбора
_cЭксмо
_d2018
215 _a345 с.
_d18
225 1 _aКниги, о которых говорят
_iТрогательно
327 1 _aСодерж.: разделы: Доброта; Безоговорочное "да"; Самоотдача; Осознанность; Уникальность; Ясность; Сопричастность
333 _a16+
686 1 _aШ6(7США)67-440.5{Лх1979-80}
700 1 _7ca
_8rus
_aШрофф
_bЛ.
_gЛора
_9156846
_3RU\NLR\AUTH\770156886
942 _cBOOK
980 _aNBR
980 _aNB